Largest Towns in Massachusetts - Extreme - Statistics

General Stats
  • This quiz has been taken 21 times
  • The average score is 21 of 50
Answers on the Map
Answers color-coded by a green-red scale on the quiz's map according to % correct below.
 
Answer Stats
Answer % Correct
Plymouth
75%
Natick
63%
Andover
56%
Danvers
56%
Dartmouth
56%
North Andover
56%
Brookline
50%
Canton
50%
Lexington
50%
Milford
50%
Milton
50%
Wellesley
50%
Arlington
44%
Falmouth
44%
Hingham
44%
Holden
44%
Mansfield
44%
Middleborough
44%
Needham
44%
Norton
44%
Norwood
44%
Sandwich
44%
Shrewsbury
44%
Wakefield
44%
Acton
38%
Burlington
38%
Chelmsford
38%
Dedham
38%
Dracut
38%
Easton
38%
Marshfield
38%
Reading
38%
Saugus
38%
Tewksbury
38%
Walpole
38%
Wareham
38%
Westford
38%
Wilmington
38%
Winchester
38%
Yarmouth
38%
Belmont
31%
Billerica
31%
Bourne
31%
Grafton
31%
Hudson
31%
Marblehead
31%
Stoneham
31%
Stoughton
31%
Westborough
31%
Ludlow
25%
No matching quizzes found
Score Distribution
Percent of People with Each Score
Percentile by Number Answered
Your Score History
You have not taken this quiz